Les principales adventures de l´Admirable Don Quichotte (Record no. 2784)

MARC details
000 -CABECERA
campo de control de longitud fija 01783nam a2200361 a 4500
001 - NÚMERO DE CONTROL
campo de control BRCA_3048
005 - FECHA Y HORA DE LA ÚLTIMA TRANSACCIÓN
campo de control 20190320204102.0
008 - DATOS DE LONGITUD FIJA--INFORMACIÓN GENERAL
campo de control de longitud fija 220109s1776----be-a---###---#000-0#fre-u
041 ## - CÓDIGO DE LENGUA
Código de lengua del texto/banda sonora o título independiente fre
044 ## - CÓDIGO DEL PAÍS DE LA ENTIDAD EDITORA/PRODUCTORA
Código MARC del país be
084 ## - OTRO NÚMERO DE CLASIFICACIÓN
Número de clasificación 353
Número de documento/Ítem .B3776
-- 1776
100 1# - ENTRADA PRINCIPAL--NOMBRE DE PERSONA
Nombre de persona Cervantes Saavedra, Miguel de
Fechas asociadas al nombre 1547-1616
9 (RLIN) 213
245 10 - MENCIÓN DE TÍTULO
Título Les principales adventures de l´Admirable Don Quichotte
Mención de responsabilidad, etc. Miguel de Cervantes Saavedra.
260 ## - PUBLICACIÓN, DISTRIBUCIÓN, ETC.
Lugar de publicación, distribución, etc. Liege
Nombre del editor, distribuidor, etc. Jean-Francoise Bassompierre
Fecha de publicación, distribución, etc. 1776
300 ## - DESCRIPCIÓN FÍSICA
Extensión viii, 356 p.
Otras características físicas il.
Dimensiones 39 cm.
500 ## - NOTA GENERAL
Nota general Contenido : Dedicatoria del librero. Advertencia. Aprobación y permiso. Texto explicativo con láminas
500 ## - NOTA GENERAL
Nota general Edición : Representées en figures par Coypel, Picart le Romain, et autres habiles Maitres, avec les explications des XXXI planches de cette magnifique collection, tirées de l´original espagnol de Miguel de Cervantes
500 ## - NOTA GENERAL
Nota general Edición igual a la impresa en la Haya, en 1746, pero superior, tanto en papel e impresión como en las láminas. Piel; lomeras y tapas decoradas con doradosLúdovik Osterc
500 ## - NOTA GENERAL
Nota general Con ex-libris : Alexander Robert Goldie
500 ## - NOTA GENERAL
Nota general Incluye índice : de láminas (p. 355-356)
500 ## - NOTA GENERAL
Nota general QM276
546 ## - NOTA DE LENGUA/LENGUAJE
Nota de lengua/lenguaje Texto en : francés
650 14 - PUNTO DE ACCESO ADICIONAL DE MATERIA--TÉRMINO DE MATERIA
Término de materia o nombre geográfico como elemento de entrada Novela española
Subdivisión cronológica Época clásica, 1500-1700
9 (RLIN) 215
650 14 - PUNTO DE ACCESO ADICIONAL DE MATERIA--TÉRMINO DE MATERIA
Término de materia o nombre geográfico como elemento de entrada Literatura española
Subdivisión cronológica Época clásica, 1500-1700
9 (RLIN) 216
650 14 - PUNTO DE ACCESO ADICIONAL DE MATERIA--TÉRMINO DE MATERIA
Término de materia o nombre geográfico como elemento de entrada Novela española
Subdivisión cronológica Siglo XVII
9 (RLIN) 217
650 14 - PUNTO DE ACCESO ADICIONAL DE MATERIA--TÉRMINO DE MATERIA
Término de materia o nombre geográfico como elemento de entrada Don Quijote (Personaje ficticio)
Término indicativo de función/relación Novela
9 (RLIN) 218
700 1# - PUNTO DE ACCESO ADICIONAL--NOMBRE DE PERSONA
Nombre de persona Saint-Martin, Francois Filleau de
Fechas asociadas al nombre 1632-1685
Término indicativo de función/relación Traductor
9 (RLIN) 8365
700 1# - PUNTO DE ACCESO ADICIONAL--NOMBRE DE PERSONA
Nombre de persona Coypel, Charles-Antone
Fechas asociadas al nombre 1694-1752
Término indicativo de función/relación Ilustrador
9 (RLIN) 8366
700 1# - PUNTO DE ACCESO ADICIONAL--NOMBRE DE PERSONA
Nombre de persona Picard le Romain, Bernard
Fechas asociadas al nombre 1673-1733
Término indicativo de función/relación Ilustrador
9 (RLIN) 8367
740 0# - PUNTO DE ACCESO ADICIONAL--TÍTULO RELACIONADO O ANALÍTICO NO CONTROLADO
Título relacionado o analítico no controlado El Ingenioso Hidalgo Don Quijote de la Mancha
902 ## - CATALOGADOR
Iniciales QFM
942 ## - ELEMENTOS DE PUNTO DE ACCESO ADICIONAL (KOHA)
Fuente del sistema de clasificación o colocación Library of Congress Classification
Tipo de ítem Koha Libros
Holdings
Estado de retiro Estado de pérdida Estado dañado No para préstamo Localización permanente Ubicación/localización actual Fecha de adquisición Número de inventario Total de préstamos Signatura topográfica completa Código de barras Fecha visto por última vez Precio válido a partir de Tipo de ítem Koha
El ejemplar forma parte de la colección y puede ser consultado según las políticas vigentes.       Biblioteca del Museo Franz Mayer (Rogerio Casas-Alatriste) Biblioteca del Museo Franz Mayer (Rogerio Casas-Alatriste) 22/01/2009 QM276   353 .B3776 1776 (QM276) 3045 22/03/2019 22/03/2019 Libros